The Connected Leader: Creating Agile Organisations for People and Performance (Record no. 43526)

MARC details
000 -LEADER
fixed length control field 00922cam a22003255i 4500
001 - CONTROL NUMBER
control field 23785673
005 - DATE AND TIME OF LATEST TRANSACTION
control field 20250423172726.0
008 - FIXED-LENGTH DATA ELEMENTS--GENERAL INFORMATION
fixed length control field 240717s2024 mau 000 0 eng
010 ## - LIBRARY OF CONGRESS CONTROL NUMBER
LC control number 2024942635
020 ## - INTERNATIONAL STANDARD BOOK NUMBER
International Standard Book Number 9783111581392
020 ## - INTERNATIONAL STANDARD BOOK NUMBER
Canceled/invalid ISBN 9783111581729
020 ## - INTERNATIONAL STANDARD BOOK NUMBER
Canceled/invalid ISBN 9783111582030
041 ## - LANGUAGE CODE
Language code of text/sound track or separate title eng
042 ## - AUTHENTICATION CODE
Authentication code pcc
082 ## - DEWEY DECIMAL CLASSIFICATION NUMBER
Classification number 303.34 GOB
100 1# - MAIN ENTRY--PERSONAL NAME
Author Gobillot, Emmanuel,
245 14 - TITLE STATEMENT
Title The Connected Leader: Creating Agile Organisations for People and Performance
250 ## - EDITION STATEMENT
Edition statement 1st
260 ## - PUBLICATION, DISTRIBUTION, ETC.
Place Boston
Publisher De Gruyter
Publication Year 2025
300 ## - PHYSICAL DESCRIPTION
Extent 199;. pages: 24 cm
650 ## - SUBJECT ADDED ENTRY--TOPICAL TERM
Subject Leadership; Self-Actualisation (Psychology)
942 ## - ADDED ENTRY ELEMENTS (KOHA)
Koha item type Books
263 ## - PROJECTED PUBLICATION DATE
Projected publication date 2412
264 #1 - PRODUCTION, PUBLICATION, DISTRIBUTION, MANUFACTURE, AND COPYRIGHT NOTICE
Place of production, publication, distribution, manufacture Boston :
Name of producer, publisher, distributor, manufacturer De Gruyter,
Date of production, publication, distribution, manufacture, or copyright notice 2024.
336 ## - CONTENT TYPE
Content type term text
Content type code txt
Source rdacontent
337 ## - MEDIA TYPE
Media type term unmediated
Media type code n
Source rdamedia
338 ## - CARRIER TYPE
Carrier type term volume
Carrier type code nc
Source rdacarrier
906 ## - LOCAL DATA ELEMENT F, LDF (RLIN)
a 0
b ibc
c orignew
d 2
e epcn
f 20
g y-gencatlg
Holdings
Withdrawn status Lost status Source of classification or shelving scheme Damaged status Not for loan Home library Current library Shelving location Accession Date Vendor Price Bill number Total Checkouts Full call number Barcode No Date last seen Discount Bill Date Koha item type Suggested By
    Dewey Decimal Classification     IMTN IMTN Rack 6-B 03/26/2025 Raghav Books Private Limited 2791.34 2374   303.34 GOB 33806 04/03/2025 33 02/14/2025 Books Dr. Mantha Raghu (Head Librarian)
Designed & Maintained by: LRC IMT Nagpur Contact: lrc@imtnag.ac.in© 2024. All Rights Reserved.